Gaming Quiz

Random Gaming Quiz

All fnaf characters Quiz Stats

 Plays Quiz not verified by Sporcle

Score 0/20 Timer 10:00
0 Plays Today
Hint Answer % Correct
he's the leaderfreddy
98.2%
likes cupcakeschica
96.6%
lives behind the curtainsfoxy
95.4%
likes the utility closetbonnie
93.6%
electric guitartoy bonnie
84.7%
loses her beaktoy chica
84.4%
little bit plumptoy freddy
79.6%
fredbeargolden freddy
77.2%
MOST ANNOYING ANIMITRONICballoon boy
76.1%
staticmangle
74.7%
Hint Answer % Correct
the killerthe purple guy
74.1%
withered so muchspringtrap
58.5%
annoyingly chattyphone guy
45.3%
the other killerpink guy
31.5%
pupett mastermarrionette
22.2%
does this count?cupcake
20.6%
security guardfritz smith
15.1%
just not scary anymore...new chica
11.7%
im new and blue da d...new bonnie
11.7%
minionsnew freddy
11.6%

You're not logged in!

Compare scores with friends on all Sporcle quizzes.
OR
Log In

Sporcle TV

Today on Sporcle TV


Watch our educational content, quiz creation guides, and fun videos on Sporcle TV.

Show Comments

Extras

Created Aug 25, 2015ReportNominate
Tags:character

Top Quizzes Today


Score Distribution

Your Account Isn't Verified!

In order to create a playlist on Sporcle, you need to verify the email address you used during registration. Go to your Sporcle Settings to finish the process.

Report this User

Report this user for behavior that violates our Community Guidelines.

Details: